Pays sans 1/2 lettres #2 (Asie) - Statistiques

Statistiques générales
  • Ce quiz a été pris 298 fois
  • Le résultat moyen est 13 sur 15
Statistiques - réponses
Avec 1/2 lettres Pays % Correct
P_k_s_a_ Pakistan
100%
I_d_ Inde
98%
J_p_n Japon
97%
S_r_e Syrie
96%
C_i_e Chine
95%
I_d_n_s_e Indonésie
94%
O_z_e_i_t_n Ouzbekistan
94%
A_g_a_i_t_n Afghanistan
93%
I_a_ Iran
91%
I_a_ Irak
90%
T_r_m_n_s_a_ Turkmenistan
89%
T_r_u_e Turquie
84%
C_r_e _u _o_d Corée du nord
70%
C_r_e _u _u_ Corée du sud
70%
I_r_e_ Israel
54%
Aucun quiz correspondant
Distribution des résultats
% des personnes avec chaque résultat
Percentile par nombre de réponses
Votre historique - résultats
Vous n’avez pas pris ce quiz